Langenscheidts taschenwörterbuch der englischen und deutschen sprache
Spremljeno u:
| Format: | Knjiga |
|---|---|
| Jezik: | Undetermined |
| Izdano: |
New York
Dover publications
1929
|
| Teme: | |
| Oznake: |
Dodaj oznaku
Bez oznaka, Budi prvi tko označuje ovaj zapis!
|
| Thư viện lưu trữ: | Trung tâm Học liệu Trường Đại học Cần Thơ |
|---|
| LEADER | 00589nam a2200181Ia 4500 | ||
|---|---|---|---|
| 001 | CTU_231857 | ||
| 008 | 210402s9999 xx 000 0 und d | ||
| 082 | |a 433.2 | ||
| 082 | |b L275 | ||
| 245 | 0 | |a Langenscheidts taschenwörterbuch der englischen und deutschen sprache | |
| 245 | 0 | |c Bearbeitet von prof. Edmund Klatt | |
| 260 | |a New York | ||
| 260 | |b Dover publications | ||
| 260 | |c 1929 | ||
| 650 | |a Tiếng Đức,German language | ||
| 650 | |x Từ điển,Tiếng Anh,Dictionaries,English | ||
| 910 | |b dqhieu | ||
| 980 | |a Trung tâm Học liệu Trường Đại học Cần Thơ | ||